Karácsonyi ének, mely mindég divatos marad

Poviedka.

Podrobná bibliografia
Hlavný autor: Diczig, L. Hugo (Author)
Médium: Článok
Jazyk:Hungarian
Témy:
Zdroj: 1. Murányvölgye : Szépirodalmi, társadalmi és közgazdasági hetilap 1. Roč. 7, č. 52 (30.12.1917) s. 1 a 2
LEADER 00887nab#a2200325#ar4500
001 000071113
003 SVKKK
005 20010109xxxxxxx.
008 06 c xo huno
FMT
038 |a SVKKK 
040 |a SVKKK  |b slo  |e AACR2 
041 0 |a hun 
044 |a xo  |c SK 
080 |a 894.511(437.6)-3 
100 1 |a Diczig, L. Hugo  |4 aut 
242 1 0 |a Vianočná pieseň, ktorá vždy ostane modernou 
245 1 0 |a Karácsonyi ének, mely mindég divatos marad  |c L. Hugo Diczig 
300 |b Dokončenie 
500 |a L. Hugó 
520 2 |a Poviedka. 
650 0 4 |a poviedka - literatúra maďarská - texty 
773 0 |t Murányvölgye : Szépirodalmi, társadalmi és közgazdasági hetilap  |g Roč. 7, č. 52 (30.12.1917) s. 1 a 2 
957 |a Muráň 
958 |a DG 
958 |a SK 
974 |a ebl  |d 20010109 
992 |a RBX 
BAS
998 |a RETRO